000 01148nam a22003137a 4500
003 CHAP
005 20220817041124.0
008 971013s1991 r 00010 d
010 _a6874
011 _a7846
035 _a7071
040 _cCHAP
090 _aFolleto 14119
110 _aFood and Fertilizer Technology Center for the Asian and Pacific Region
245 _aCooperative agricultural marketing in sowtheast Asia, Japan, Thailand, Malaysia, Indonesia
_b: summary of final discussion
260 _aTaipei, Taiwan :
_bFFTC.,
_c1991
300 _a22 p.
490 _aFood & Fertilizer Technology Center. Extension bulletin
_v; 336
590 _aBATCH-UPD
_b10
_c20130110
_lUCH01
_h1036
590 _aBATCH-UPD
_b10
_c20130410
_lUCH01
_h0638
590 _aBATCH-UPD
_b10
_c20130914
_lUCH01
_h0001
590 _aCONVERSION
_b10
_c20130109
_lUCH01
_h1305
650 1 4 _aAgricultura cooperativa.
_91945
650 1 4 _aProductos agrícolas
_xMercadeo
_xAsia.
_991956
830 0 _aFood & Fertilizer Technology Center. Extension bulletin
_v; 336
_942176
901 _aBK
942 _cFOLL
949 _aFolleto 14119
_bBC
_cFOLL
_d-16864
_eTS1
_i7071
_si
999 _c6874
_d6874